Quizzes
Events
Quiz Creation
Community
Videos
Private Events
Remove Ads
Sign In
Join for FREE
Feedback
Dark Mode
Quiz Categories
Sports
Geography
Music
Movies
Television
Just For Fun
Miscellaneous
History
Literature
Language
Science
Gaming
Entertainment
Religion
Holiday
For Kids
Quiz Lab
Recent
Popular Today
Quiz Kudos Today
Editor Picks
Curator Picks
Quizzes by...
Day
Popularity
Type
Ratings
Length
Year
Community
Subscriptions
Recent Discussions
Orange Saloon
Badges
Playlists
Quests
Create
Leaderboards
Showdown
Live 5
Trivia Bingo
Activity
Puzzle Library
Sporcle Events
Private Events
Virtual Trivia
Globe League
Become a Host
Pub Owners
SporcleCon
Opinionation
Our Games
Videos
Blog
Mobile Apps
Partnerships
Remove Ads and Go Orange
Feedback
Television
TV Characters
TV Show
Sitcom
Network
Friends
Reality Shows
Cast
South Park
Star Trek
The Simpsons
Doctor Who
Television
TV Characters
TV Show
Sitcom
Network
Friends
Reality Shows
Cast
South Park
Star Trek
The Simpsons
Doctor Who
Random Quiz
Search Sporcle
×
Quiz Lab
Quiz Lab
Television
Celebrity
Type in answers that appear in a list
Type in answers that appear in a list
Classic
Best Score? Go Orange.
Jeopardy! 2010 Celebrity Invitational Stats
Can you name the contestants that participated in the Jeopardy! 2010 Celebrity Invitational?
By
jaedon_dawg
10m
27 Questions
27 Plays
27 Plays
27 Plays
Comments
Comments
Give Quiz Kudos
Give Quiz Kudos
-
- Ratings
hide this ad
Replay
Link that replays current quiz
Next Quiz
Link to next quiz in quiz playlist
You Got
0%
They Got
Avg Score
29%
Avg Friend Score
Upgrade to see
Score Distribution
Jump to the score distribution portion of the page
Score
0/27
Timer
10:00
0
Plays Today
Finished
Contestant
% Correct
Third Place
Cheech Marin
63%
Second Place
Jane Curtin
59.3%
Quarterfinalist
Andy Richter
48.1%
Winner
Michael McKean
44.4%
Semifinalist
Pat Sajak
44.4%
Semifinalist
Neil Patrick Harris
37%
Semifinalist
Isaac Mizrahi
37%
Semifinalist
Harry Shearer
33.3%
Quarterfinalist
Wolf Blitzer
33.3%
Quarterfinalist
Kareem Abdul-Jabbar
29.6%
Quarterfinalist
Anderson Cooper
29.6%
Quarterfinalist
Christopher Meloni
29.6%
Semifinalist
Jane Kaczmarek
25.9%
Semifinalist
Charles Shaughnessy
25.9%
Finished
Contestant
% Correct
Quarterfinalist
Robin Quivers
25.9%
Quarterfinalist
Julie Bowen
22.2%
Quarterfinalist
Soledad O'Brien
22.2%
Quarterfinalist
Elizabeth Perkins
22.2%
Quarterfinalist
Doug Savant
22.2%
Quarterfinalist
Hill Harper
18.5%
Quarterfinalist
Rebecca Lobo
18.5%
Quarterfinalist
Joshua Malina
18.5%
Quarterfinalist
Chris Matthews
18.5%
Quarterfinalist
CCH Pounder
18.5%
Quarterfinalist
Aisha Tyler
18.5%
Quarterfinalist
Dana Delany
14.8%
Quarterfinalist
David Duchovney
14.8%
Quiz Playlist
Details
Report
Send in Message
Add To Playlist
Classic:
Type in answers that appear in a list
Last Updated: Feb 16, 2017
Quiz Scoreboard
CHALLENGE
Sign Up to Join the Scoreboard
Show All
Scores
Hide
Comments
May contain spoilers
Recently Published
Billboard Blitz: Fleetwood Mac
by CooCooCachoo
Music
15s
Presidents Visiting Landmarks
by Hejman
History
7m
An Introduction to Baseball
by treessimontrees
Sports
5m
More to Explore
Quiz From the Vault
Featured Blog Post
Where Did the Easter Bunny Come From?
hide this ad
You Might Also Like...
Tags
Celebrity Quiz
2010
amount
Contestants
Finished
Invitational
Jeopardy
participant
Won
Today's Top Quizzes in Television
Browse Television
hide this ad
Today's Top Quizzes in Celebrity
Browse Celebrity
Top Contributed Quizzes in Television
1
5-to-1: The Simpsons Families
2
5-to-1: Television Doctors
3
7-to-1: TV Show Settings
4
One Piece Logic Puzzle
5
5-to-1: Streaming Originals
6
Survivor Seasons
7
Survivor Logic Puzzle: Heroes vs. Villains
8
TV Shows by First Names
9
Survivor Season by Logo
10
Survivor Trivia
Explore More
Trending Topics
Disney
Kpop
NBA
Harry Potter
Marvel
Crossword
Anime
WWE
Soccer
The Office
Pokémon
Country
Puzzle
Song
NFL
hide this ad
More By:
jaedon_dawg
Quiz
Plays
Rating
Category
Featured
Created
Top 100 Largest Cities in the US
14,437
2.38
Geography
Apr 16, 2010
Figure Out the Lyrics (Christian Music)
2,602
3.00
Music
Sep 12, 2010
Random Final Jeopardy! College Edition
1,885
4.38
Miscellaneous
Jul 16, 2010
Random Final Jeopardy!
1,567
4.57
Miscellaneous
Jul 3, 2010
Next Words (Christian Music)
1,227
4.17
Music
Aug 20, 2010
Go to Creator's Profile
Score Distribution
Quiz Creator Spotlight
jaedon_dawg
Follow
Send a Message
Quizzes Created
-
Created Quiz Play Count
-
More By This Creator
Popular Quizzes Today
1
Find the US States - No Outlines Minefield
2
Find the Countries of Europe - No Outlines Minefield
3
The Countries of the World
4
Find the US States
5
Risky Map Clicking: Biggest States A-Z
6
US States
7
Popular People in 1961
8
Movies - When Are They Set?
More Television Quizzes
Buffy the Vampire Slayer Characters
Published
Trending Quizzes
Risky Map Clicking: Least Populous States A-Z
1-10 Letter G Words
1-10 Letter F Words
Risky Map Clicking: Next State Alphabetically
Risky Map Clicking: Biggest States A-Z
Recently Updated
Leaping Animals
pecheneg
Reality TV Shows (A-Z)
bhenderson79
Rickey Henderson's Hall of Fame Teammates
pecheneg
Champions League XIs: Arsenal
pecheneg
Quick Pick: Celebrities in WWE's Hall of Fame
aduchscher
A-Z Keypad Blitz II
pecheneg
Multiple Oscar Actors
pecheneg
Mystery Phrase Blitz: Oscar 'Best Actors'
pecheneg
F. Scott Fitzgerald Novels
LTH
Pick 3 Villains
ddd62291
Trending Topics
NBA
Disney
Crossword
Anime
Marvel
Kpop
Harry Potter
WWE
The Office
Song
NFL
Pokémon
Puzzle
Soccer
Country
Your Account Isn't Verified!
In order to create a playlist on Sporcle, you need to verify the email address you used during registration. Go to your
Sporcle Settings
to finish the process.
Report this User
Report this user for behavior that violates our
Community Guidelines
.
Details:
Send Report
Go to the Sporcle.com Mobile Site →
Comments